Xác định thành phần hóa học trong tinh dầu quất Thành phố Hội An - Quảng Nam.

Guardado en:
Detalles Bibliográficos
Autor principal: Ngô Thị Minh Thức
Otros Autores: Võ Kim Thành (Hướng dẫn)
Formato: Libro
Publicado: Đà Nẵng Đại học Sư phạm, Đại học Đà Nẵng 2012
Materias:
Etiquetas: Agregar Etiqueta
Sin Etiquetas, Sea el primero en etiquetar este registro!
Thư viện lưu trữ: Mạng thư viện Đại học Đà Nẵng
LEADER 01321nam a2200301 4500
001 000017531
003 13950
005 20130423150431.0
008 130423s2012 sd
082 |a 664.80434  |b NG-T 
100 1 |a Ngô Thị Minh Thức 
245 |a Xác định thành phần hóa học trong tinh dầu quất Thành phố Hội An - Quảng Nam.  |c Ngô Thị Minh Thức ; Võ Kim Thành hướng dẫn  |k Khóa luận tốt nghiệp 
260 |a Đà Nẵng  |b Đại học Sư phạm, Đại học Đà Nẵng  |c 2012 
300 |a 53 tr., phụ lục 5 tr.  |b Hình mh.  |c 29 cm.  |e Đĩa CD, bản tóm tắt 
500 |a Khóa luận tốt nghiệp đại học. Chuyên ngành: Cử nhân Hóa Thực phẩm 
504 |a Mục lục đầu trang, tài liệu tham khảo tr. 73 - 74, phụ lục [13 tr.] 
600 1 4 |b Vua  |c Đinh Tiên Hoàng 
650 0 4 |a Tinh dầu quất  |v Khóa luận tốt nghiệp  |x Thành phần hóa học  |z Quảng Nam 
653 |a Khoa Hóa học  |a Thành phần hóa học  |a Tinh dầu quất 
700 |a Võ Kim Thành  |e Hướng dẫn 
OWN |a LSP 
999 |a From the UDN01 
TYP |a Monograph 
TYP |a Printed language 
980 |a Mạng thư viện Đại học Đà Nẵng